| 000 | 01164nam a2200337Ia 4500 | ||
|---|---|---|---|
| 005 | 20211105120528.0 | ||
| 008 | 130821s2005 sp ao gr spa | ||
| 020 | _a8480192690 (4a.Ed.) | ||
| 040 |
_aCo-BoUCM _bspa _cJose A. Gerena (modificó) _d[Nuevo] |
||
| 041 | 0 | 0 | _aspa |
| 060 | 0 | 0 | _aQT 255 |
| 100 | 1 |
_aGeorge, James D. _965155 |
|
| 245 | 1 | 0 |
_aTests y pruebas físicas _cJames D. George, A. Garth Fisher, Pat R. Vehrs ; traducción Josep Padró |
| 250 | _a4a ed | ||
| 260 |
_aBarcelona (España) _bEditorial Paidotribo _c2005 |
||
| 300 |
_a310 páginas _bilustraciones, fotografías |
||
| 490 | 0 | _aColección Fitness | |
| 650 | 0 | 7 |
_aEjercicio _913933 |
| 650 | 0 | 7 |
_aFatiga _915600 |
| 650 | 0 | 7 |
_aFlexión (Fisiología) _915975 |
| 650 | 0 | 7 |
_aFuerza muscular _916171 |
| 650 | 0 | 7 |
_aMedicina deportiva _919146 |
| 650 | 0 | 7 |
_aPresión sanguínea _922237 |
| 650 | 0 | 7 |
_aRitmo cardiaco _923823 |
| 690 |
_aMedicina deportiva _919146 |
||
| 700 | 1 |
_aFisher, A. Garth. _965156 |
|
| 700 | 1 |
_aPadró, Josep _965157 |
|
| 700 | 1 |
_aVehrs, Pat R. _965158 |
|
| 765 | 1 | _tLaboratory experiences in exercise science | |
| 942 |
_cLIBRO _a15 _e4 _mG347 _2NLM _hQT 255 _n0 |
||
| 999 |
_c54750 _d54750 |
||